|
|
|
|
| LEADER |
00000nab a2200000 a 4500 |
| 001 |
vtls000092859 |
| 003 |
SK-MaSNL |
| 005 |
20260304063240.0 |
| 008 |
250422c1981 xo 0 slo |
| 015 |
|
|
|a SNBRB19rr/mm-uuuuu
|
| 035 |
|
|
|a CL0102962
|
| 035 |
|
|
|a urn:nbn:sk:snk-ab2t3y
|
| 035 |
|
|
|a (urnnbn)urn:nbn:sk:snk:ar-a02wf4
|
| 035 |
|
|
|a (uuid)48f23967-51b9-49ab-bac8-fabf1b9001c1
|
| 040 |
|
|
|a SNKBUCL
|b slo
|c SNKBUCL
|e AACR2
|
| 041 |
0 |
|
|a slo
|
| 044 |
|
|
|a xo
|c SK
|
| 080 |
|
|
|a 159.9
|2 1981
|
| 100 |
1 |
|
|a Hargašová-Lepeňová, Darina
|4 aut
|9 1349516
|
| 245 |
1 |
0 |
|a Profesionálne ašpirácie adolescentov
|c Darina Hargašová-Lepeňová
|
| 300 |
|
|
|b Obr. 2. Tb. 6. Res. rus., angl.
|
| 650 |
0 |
7 |
|a maturanti
|2 snkbucl
|9 57065
|
| 650 |
0 |
7 |
|a schopnosti rozumové
|2 snkbucl
|9 1347084
|
| 655 |
|
7 |
|a články z novín a časopisov
|2 snkbucl
|9 267496
|
| 773 |
0 |
|
|t Psychológia a patopsychológia dieťaťa
|g Roč. 16, č. 1 (1981), s. 25-43
|
| 850 |
|
|
|a Slovenská národná knižnica
|
| 852 |
|
|
|a Slovenská národná knižnica
|
| 954 |
|
|
|a odborná, vedecká literatúra pôvodná (slovenská)
|2 lita
|
| 958 |
|
|
|a article2022
|
| 958 |
|
|
|a RK
|
| 958 |
|
|
|a OND
|
| 958 |
|
|
|a EUIPO
|
| 992 |
|
|
|a RBX
|
| 999 |
|
|
|c 2741771
|d 2743701
|